[Event "4th Cap Verde-ch 2020"]
[Site "Mindelo"]
[Date "2020.10.16"]
[Round "2.3"]
[White "Fortes, Amaral"]
[Black "Elci, Pereira Diniz"]
[Result "1-0"]
[WhiteElo "1624"]
[BlackElo "2288"]
[Annotator "TA"]
[PlyCount "47"]
[EventDate "2020.10.08"]
[EventType "swiss"]
[SourceTitle "playchess.com"]
[Source "ChessBase"]
[SourceQuality "1"]

{[%evp 11,47,0,11,7,28,29,98,-41,59,59,92,65,156,136,147,147,374,379,375,394,660,475,820,808,783,705,814,726,821,776,893,905,1565,1521,2684,2426,29992,29993]} 1. e4 e6 2. d4 d5 3. e5 c5 4. c3 Nc6 5. Nf3 Qb6 6. a3 Nge7 7. b4 {7.Bd3 is the modern continuation. C02: French: Advance Variation.} cxd4 8. cxd4 Ng6 (8... Nf5 $11) 9. Bd3 (9. Nc3 $16) 9... Bd7 (9... Nh4 $1 $15 10. Be3 Nxg2+ 11. Kd2 Bd7) 10. Be3 $14 Be7 11. Nbd2 {[#]} Qc7 $146 (11... Nd8 $14) ({Predecessor:} 11... Rc8 12. h4 Qd8 13. h5 Nf8 14. g3 h6 15. Nh4 Nh7 16. Qg4 Kf8 17. Ndf3 Ng5 {1-0 (28) Maulana,Y-Apurva,A (1886) Singapore 2004}) 12. Rc1 Qd8 13. h4 Nxh4 $2 {[#] Black cannot hold the game after this.} (13... h6 $16 {was called for.} 14. Nb3 Nf8) 14. Nxh4 $18 Bxh4 15. Qg4 Bxf2+ $2 (15... Be7 16. Qxg7 Rf8 17. Rxh7 Qb6) 16. Bxf2 g6 (16... Kf8 $142 17. O-O Rc8) 17. Bh4 Ne7 18. Bf6 h5 19. Qg5 Rg8 20. Nf3 Rc8 21. Rxc8 {[%mdl 64] [#] Overworked Piece} Qxc8 22. Bxe7 Qc3+ 23. Ke2 {White wants to mate with Bd6.} Qb2+ 24. Ke3 {Av CentiPawn Loss W=-47/B=-215. Weighted=-42/-148} 1-0

[Event "4th Cap Verde-ch 2020"]
[Site "Mindelo"]
[Date "2020.10.16"]
[Round "2.3"]
[White "Fortes, Aires"]
[Black "Pereira, Eder Marcio"]
[Result "1/2-1/2"]
[WhiteElo "1504"]
[BlackElo "1788"]
[Annotator "NA"]
[PlyCount "94"]
[EventDate "2020.10.08"]
[EventType "swiss"]
[SourceTitle "playchess.com"]
[Source "ChessBase"]
[SourceQuality "1"]
[TimeControl "40/5400+30:1800+30"]

{[%evp 8,82,24,-2,3,-12,36,-20,-10,-19,-12,-46,59,-24,0,-7,32,0,46,16,374,4,32,394,660,-55,-43,-172,-118,-229,-204,-222,-219,-213,-213,-258,-159,-161,2684,2426,-8,0,0,32767,0,32767,32767,32767,0,0,0,0,0,32767,0,0,32767,32767,32767,-139,-150,32767,-986,-1134,32767,32767,-270,32767,32767,32767,32767,32767,32767,32767,32767,32767,8]} 1. Nf3 {[%emt 0:00:00]} (1. e4 e6 2. d4 d5 3. e5 c5 4. c3 Nc6 5. Nf3 Qb6 6. a3 Nge7 7. b4 {7.Bd3 is the modern continuation. C02: French: Advance Variation.} cxd4 8. cxd4 Ng6 (8... Nf5 $11) 9. Bd3 (9. Nc3 $16) 9... Bd7 (9... Nh4 $1 $15 10. Be3 Nxg2+ 11. Kd2 Bd7) 10. Be3 $14 Be7 11. Nbd2 {[#]} Qc7 $146 (11... Nd8 $14) ({Predecessor:} 11... Rc8 12. h4 Qd8 13. h5 Nf8 14. g3 h6 15. Nh4 Nh7 16. Qg4 Kf8 17. Ndf3 Ng5 {1-0 (28) Maulana,Y-Apurva,A (1886) Singapore 2004}) 12. Rc1 Qd8 13. h4 Nxh4 $2 {[#] Black cannot hold the game after this.} (13... h6 $16 {was called for.} 14. Nb3 Nf8) 14. Nxh4 $18 Bxh4 15. Qg4 Bxf2+ $2 (15... Be7 16. Qxg7 Rf8 17. Rxh7 Qb6) 16. Bxf2 g6 (16... Kf8 $142 17. O-O Rc8) 17. Bh4 Ne7 18. Bf6 h5 19. Qg5 Rg8 20. Nf3 Rc8 21. Rxc8 {[%mdl 64] [#] Overworked Piece} Qxc8 22. Bxe7 Qc3+ 23. Ke2 {White wants to mate with Bd6.} Qb2+ 24. Ke3 {Av CentiPawn Loss W=-47/B=-215. Weighted=-42/-148}) 1... d5 {[%emt 0:08:01]} 2. d4 {[%emt 0:00:09]} Nf6 {[%emt 0:01:40]} 3. c4 {[%emt 0:00:48]} e6 {[%emt 0:00:11]} 4. Nc3 {[%emt 0:00:24]} Be7 {[%emt 0:00:23]} 5. e3 {[%emt 0:03:15]} O-O {[%emt 0:00:26]} 6. Bd3 {[%emt 0:00:22]} a6 {[%emt 0:02:47]} 7. a4 {[%emt 0:00:39]} b6 {[%emt 0:01:18]} 8. O-O {[%emt 0:00:53]} Bb7 {[%emt 0:00:30]} 9. Qc2 {[%emt 0:02:15]} dxc4 {[%emt 0:08:10]} 10. Bxc4 {[%emt 0:01:39]} Bxf3 {[%emt 0:00:27]} 11. gxf3 {[%emt 0:00:12]} Nbd7 {[%emt 0:00:16]} 12. e4 {[%emt 0:03:54]} c6 {[%emt 0:10:20]} 13. e5 {[%emt 0:07:27]} Nh5 {[%emt 0:05:48]} 14. Bd3 {[%emt 0:01:12]} g6 {[%emt 0:00:15]} 15. Ne4 {[%emt 0:02:44]} c5 {[%emt 0:01:58]} 16. Bh6 {[%emt 0:05:44]} Re8 {[%emt 0:01:30]} 17. Nd6 {[%emt 0:05:18]} Bg5 {[%emt 0:05:11]} 18. Nxe8 {[%emt 0:06:44]} Bxh6 {[%emt 0:00:20]} 19. Nf6+ {[%emt 0:00:24]} Ndxf6 {[%emt 0:00:11]} 20. exf6 {[%emt 0:00:12]} Qxf6 {[%emt 0:00:15]} 21. Rfe1 {[%emt 0:02:39]} Qg5+ {[%emt 0:14:35]} 22. Kh1 {[%emt 0:00:23]} Nf4 {[%emt 0:13:06]} 23. Bf1 {[%emt 0:00:22]} Qd5 {[%emt 0:00:30]} 24. Qe4 {[%emt 0:01:36]} cxd4 {[%emt 0:03:34]} 25. Rad1 {[%emt 0:02:14]} Rd8 {[%emt 0:08:12]} 26. Qxd5 {[%emt 0:02:04]} Rxd5 {[%emt 0:00:14]} 27. Bxa6 {[%emt 0:00:15]} Nh3 {[%emt 0:00:57]} 28. Kg2 {[%emt 0:00:40]} Nf4+ {[%emt 0:00:09]} 29. Kh1 {[%emt 0:03:08]} d3 {[%emt 0:03:25]} 30. Bc4 {[%emt 0:06:23]} Rd8 {[%emt 0:04:30]} 31. b4 {[%emt 0:01:10]} d2 {[%emt 0:00:23]} 32. Re4 {[%emt 0:01:49]} Nd5 {[%emt 0:03:24]} 33. Bb3 {[%emt 0:00:21]} Nc3 {[%emt 0:00:15]} 34. Ra1 {[%emt 0:01:19]} Nxe4 {[%emt 0:00:54]} 35. fxe4 {[%emt 0:00:12]} Rc8 {[%emt 0:01:44]} 36. Rf1 {[%emt 0:02:18]} Rc1 {[%emt 0:01:32]} 37. Kg2 {[%emt 0:00:28]} Rxf1 {[%emt 0:00:24]} 38. Kxf1 {[%emt 0:00:04]} Bf8 {[%emt 0:00:13]} 39. a5 {[%emt 0:00:26]} bxa5 {[%emt 0:00:13]} 40. bxa5 {[%emt 0:00:25]} Bc5 {[%emt 0:00:16]} 41. Ke2 {[%emt 0:30:23]} Kg7 {[%emt 0:30:29]} 42. a6 {[%emt 0:00:22]} g5 {[%emt 0:00:36]} 43. f3 {[%emt 0:00:47]} Kf6 {[%emt 0:00:40]} 44. Kxd2 {[%emt 0:00:27]} Ke5 {[%emt 0:00:26]} 45. Ba4 {[%emt 0:01:06]} Kf4 {[%emt 0:00:22]} 46. Ke2 {[%emt 0:00:30]} f6 {[%emt 0:01:01]} 47. Bd7 {[%emt 0:00:31]} e5 {[%emt 0:00:51]} 1/2-1/2

[Event "4th Cap Verde-ch 2020"]
[Site "Mindelo"]
[Date "2020.10.16"]
[Round "2.4"]
[White "Monteiro, Paulo Alexandre G"]
[Black "Moes Joaquim, Carlos"]
[Result "1/2-1/2"]
[WhiteElo "2049"]
[BlackElo "1403"]
[Annotator "ChessBase"]
[PlyCount "156"]
[EventDate "2020.10.08"]
[EventType "swiss"]
[SourceTitle "playchess.com"]
[Source "ChessBase"]
[SourceQuality "1"]
[TimeControl "40/5400+30:1800+30"]

1. d4 {[%emt 0:00:00]} d5 {[%emt 0:03:58]} 2. Bf4 {[%emt 0:00:18]} Nf6 {[%emt 0:00:29]} 3. e3 {[%emt 0:01:15]} Bg4 {[%emt 0:01:39]} 4. Nf3 {[%emt 0:00:33]} e6 {[%emt 0:03:14]} 5. h3 {[%emt 0:01:07]} Bxf3 {[%emt 0:00:45]} 6. Qxf3 {[%emt 0:00:32]} Nbd7 {[%emt 0:03:58]} 7. Nd2 {[%emt 0:01:07]} c5 {[%emt 0:07:29]} 8. c3 {[%emt 0:01:17]} a6 {[%emt 0:09:05]} 9. Bd3 {[%emt 0:01:06]} Qb6 {[%emt 0:04:05]} 10. Rb1 {[%emt 0:01:14]} Qa5 {[%emt 0:03:55]} 11. a3 {[%emt 0:03:32]} g6 {[%emt 0:03:17]} 12. O-O {[%emt 0:02:41]} Rc8 {[%emt 0:01:15]} 13. dxc5 {[%emt 0:02:57]} Qxc5 {[%emt 0:00:49]} 14. e4 {[%emt 0:01:10]} Bg7 {[%emt 0:03:01]} 15. exd5 {[%emt 0:03:46]} Qxd5 {[%emt 0:02:44]} 16. Qe3 {[%emt 0:10:26]} O-O {[%emt 0:03:33]} 17. Nf3 {[%emt 0:03:59]} Rfd8 {[%emt 0:07:23]} 18. Rfd1 {[%emt 0:06:34]} Qb3 {[%emt 0:03:46]} 19. Nd4 {[%emt 0:07:17]} Qa4 {[%emt 0:00:52]} 20. Bc2 {[%emt 0:05:52]} Qa5 {[%emt 0:00:10]} 21. Bh6 {[%emt 0:03:38]} Qh5 {[%emt 0:06:22]} 22. Bxg7 {[%emt 0:01:00]} Kxg7 {[%emt 0:00:14]} 23. Nf3 {[%emt 0:02:32]} Qa5 {[%emt 0:05:42]} 24. Rd2 {[%emt 0:03:46]} b5 {[%emt 0:03:07]} 25. Rbd1 {[%emt 0:02:42]} Qc7 {[%emt 0:01:12]} 26. Bb3 {[%emt 0:02:53]} Nb6 {[%emt 0:02:42]} 27. Rxd8 {[%emt 0:08:23]} Rxd8 {[%emt 0:00:10]} 28. Rxd8 {[%emt 0:00:21]} Qxd8 {[%emt 0:00:07]} 29. Nd4 {[%emt 0:01:57]} Qd6 {[%emt 0:01:19]} 30. Nf3 {[%emt 0:04:52]} Nbd5 {[%emt 0:03:14]} 31. Qd4 {[%emt 0:01:08]} Qf4 {[%emt 0:00:19]} 32. Qxf4 {[%emt 0:02:44]} Nxf4 {[%emt 0:00:12]} 33. Bc2 {[%emt 0:01:01]} h5 {[%emt 0:02:09]} 34. a4 {[%emt 0:00:12]} N6d5 {[%emt 0:00:39]} 35. axb5 {[%emt 0:00:42]} axb5 {[%emt 0:00:08]} 36. Nd4 {[%emt 0:00:18]} Nc7 {[%emt 0:00:20]} 37. Kh2 {[%emt 0:01:22]} e5 {[%emt 0:00:30]} 38. Nc6 {[%emt 0:01:06]} f6 {[%emt 0:00:15]} 39. g3 {[%emt 0:00:17]} Nfe6 {[%emt 0:01:40]} 40. Kg2 {[%emt 0:02:10]} Nc5 {[%emt 0:01:48]} 41. Kf3 {[%emt 0:31:25]} Nd7 {[%emt 0:32:26]} 42. Ke2 {[%emt 0:02:19]} f5 {[%emt 0:01:11]} 43. Na7 {[%emt 0:02:32]} e4 {[%emt 0:07:55]} 44. f3 {[%emt 0:02:02]} exf3+ {[%emt 0:00:08]} 45. Kxf3 {[%emt 0:00:26]} Ne5+ {[%emt 0:00:10]} 46. Kg2 {[%emt 0:00:00]} Kf6 {[%emt 0:00:00]} 47. Bd1 {[%emt 0:00:00]} Ke6 {[%emt 0:00:00]} 48. Be2 {[%emt 0:00:00]} Nc4 {[%emt 0:00:00]} 49. b3 {[%emt 0:00:00]} Nd6 {[%emt 0:00:00]} 50. c4 {[%emt 0:00:00]} bxc4 {[%emt 0:00:00]} 51. bxc4 {[%emt 0:00:00]} Ne4 {[%emt 0:00:00]} 52. Nb5 {[%emt 0:00:00]} Ne8 {[%emt 0:00:00]} 53. Nd4+ {[%emt 0:00:00]} Kd6 {[%emt 0:00:00]} 54. Nf3 {[%emt 0:00:00]} N8f6 {[%emt 0:00:00]} 55. Nh4 {[%emt 0:00:00]} Ke5 {[%emt 0:00:00]} 56. Nxg6+ {[%emt 0:00:00]} Kd4 {[%emt 0:00:00]} 57. Nf4 {[%emt 0:00:00]} Nd2 {[%emt 0:00:00]} 58. Nxh5 {[%emt 0:00:00]} Nxh5 {[%emt 0:00:00]} 59. Bxh5 {[%emt 0:00:00]} Nxc4 {[%emt 0:10:04]} 60. Kf3 {[%emt 0:11:29]} Ke5 {[%emt 0:00:00]} 61. Bf7 {[%emt 0:00:00]} Nd2+ {[%emt 0:00:00]} 62. Kg2 {[%emt 0:00:00]} Ne4 {[%emt 0:00:00]} 63. h4 {[%emt 0:00:00]} Kf6 {[%emt 0:00:00]} 64. Bd5 {[%emt 0:00:00]} Nd6 {[%emt 0:00:00]} 65. Kf3 {[%emt 0:00:00]} Ne8 {[%emt 0:00:00]} 66. Bc6 {[%emt 0:00:00]} Ng7 {[%emt 0:00:00]} 67. Bd7 {[%emt 0:00:00]} Nh5 {[%emt 0:00:00]} 68. Bb5 {[%emt 0:00:00]} Ke5 {[%emt 0:00:00]} 69. g4 {[%emt 0:00:00]} fxg4+ {[%emt 0:00:00]} 70. Kxg4 {[%emt 0:00:00]} Nf6+ {[%emt 0:00:00]} 71. Kg5 {[%emt 0:00:00]} Nh7+ {[%emt 0:00:00]} 72. Kg6 {[%emt 0:01:29]} Nf8+ {[%emt 0:00:00]} 73. Kf7 {[%emt 0:01:23]} Nh7 {[%emt 0:00:00]} 74. h5 {[%emt 0:01:36]} Nf6 {[%emt 0:00:00]} 75. h6 {[%emt 0:00:42]} Kf5 {[%emt 0:00:00]} 76. Kg7 {[%emt 0:00:23]} Kg5 {[%emt 0:00:00]} 77. Bc6 {[%emt 0:01:00]} Kh5 {[%emt 0:00:00]} 78. Be8+ {[%emt 0:00:48]} Nxe8+ {[%emt 0:00:00]} 1/2-1/2

[Event "4th Cap Verde-ch 2020"]
[Site "Mindelo"]
[Date "2020.10.16"]
[Round "3.1"]
[White "Ortega Amarelle, Mariano"]
[Black "Rodriguez Guevara, Celia M."]
[Result "1-0"]
[WhiteElo "2458"]
[BlackElo "1858"]
[Annotator "TA"]
[PlyCount "43"]
[EventDate "2020.10.08"]
[EventType "swiss"]
[EventCountry "KAP"]
[SourceTitle "playchess.com"]
[Source "ChessBase"]
[SourceQuality "1"]

{[%evp 27,43,257,254,253,275,185,712,612,898,836,1062,1064,1492,1681,1615,1500,2754,2592]} 1. e4 c5 2. Nf3 d6 3. d4 cxd4 4. Nxd4 Nf6 5. Nc3 g6 6. Be3 Bg7 7. f3 O-O 8. Qd2 Bd7 9. O-O-O Nc6 10. g4 Rc8 11. h4 Ne5 12. h5 Nc4 13. Bxc4 Rxc4 14. Kb1 Qa5 15. Nb3 {B76: Sicilian Dragon: Yugoslav Attack, 9 g4 and 9 0-0-0.} Qc7 16. Bh6 (16. Bxa7 b6 $14) 16... Rc8 $2 {[#]} (16... Bxh6 17. Qxh6 Rxc3) 17. Bxg7 $18 {White is clearly winning.} Kxg7 18. hxg6 fxg6 {[#]} 19. Nd5 $146 ({Predecessor:} 19. Qh6+ Kh8 20. Nd5 {1-0 (20) Collell Rodriguez,V (1623)-Lopez Martinez,A (1502) Llinars del Valles 2012}) 19... Rxc2 20. Qh6+ ({Weaker is} 20. Nxc7 Rxd2 21. Nxd2 (21. Rxd2 Rxc7 22. g5 Nh5 $16) 21... Rxc7 $16) 20... Kg8 21. Nxc7 R8xc7 22. g5 {Black got outplayed after the opening} 1-0

[Event "4th Cap Verde-ch 2020"]
[Site "Mindelo"]
[Date "2020.10.16"]
[Round "3.2"]
[White "Fernandes, Henry"]
[Black "Monteiro, Antonio David Cabral"]
[Result "0-1"]
[WhiteElo "1619"]
[BlackElo "1766"]
[Annotator "NA RC"]
[PlyCount "136"]
[EventDate "2020.10.08"]
[EventType "swiss"]
[EventCountry "KAP"]
[SourceTitle "playchess.com"]
[Source "ChessBase"]
[SourceQuality "1"]
[TimeControl "40/5400+30:1800+30"]

1. e4 {[%emt 0:01:58]} d6 {[%emt 0:00:00]} 2. Nf3 {[%emt 0:00:39]} Nf6 {[%emt 0:00:05]} 3. Nc3 {[%emt 0:00:18]} g6 {[%emt 0:01:47]} 4. Bc4 {[%emt 0:02:11]} c6 {[%emt 0:03:58]} 5. d4 {[%emt 0:00:59]} b5 {[%emt 0:03:22]} 6. Bd3 {[%emt 0:01:33]} Bg7 {[%emt 0:03:12]} 7. e5 {[%emt 0:02:09]} dxe5 {[%emt 0:03:10]} 8. dxe5 {[%emt 0:00:19]} Nd5 {[%emt 0:07:52]} 9. Nxd5 {[%emt 0:05:06]} Qxd5 {[%emt 0:00:38]} 10. Bf4 {[%emt 0:00:20]} Nd7 {[%emt 0:05:08]} 11. Qe2 {[%emt 0:00:22]} Nc5 {[%emt 0:02:33]} 12. O-O {[%emt 0:02:18]} Nxd3 {[%emt 0:00:24]} 13. Qxd3 {[%emt 0:00:14]} O-O {[%emt 0:03:18]} 14. Qe3 {[%emt 0:03:50]} c5 {[%emt 0:02:22]} 15. h4 {[%emt 0:01:41]} h5 {[%emt 0:04:43]} 16. Rfd1 {[%emt 0:01:19]} Qc6 {[%emt 0:01:17]} 17. Bh6 {[%emt 0:00:46]} Bg4 {[%emt 0:01:21]} 18. Bxg7 {[%emt 0:00:58]} Kxg7 {[%emt 0:00:09]} 19. Rd3 {[%emt 0:00:11]} Bxf3 {[%emt 0:01:10]} 20. Qxf3 {[%emt 0:00:08]} Qxf3 {[%emt 0:00:13]} 21. Rxf3 {[%emt 0:00:07]} Rfd8 {[%emt 0:00:56]} 22. Re3 {[%emt 0:00:18]} Rd2 {[%emt 0:01:10]} 23. Rc1 {[%emt 0:00:14]} Rad8 {[%emt 0:02:20]} 24. Kf1 {[%emt 0:00:11]} c4 {[%emt 0:01:34]} 25. Re2 {[%emt 0:01:01]} R2d4 {[%emt 0:01:40]} 26. g3 {[%emt 0:00:23]} e6 {[%emt 0:00:40]} 27. c3 {[%emt 0:00:17]} Rd3 {[%emt 0:00:59]} 28. b3 {[%emt 0:02:53]} cxb3 {[%emt 0:00:54]} 29. axb3 {[%emt 0:00:10]} Rc8 {[%emt 0:01:54]} 30. Re3 {[%emt 0:01:04]} Rxe3 {[%emt 0:01:00]} 31. fxe3 {[%emt 0:00:05]} Rc5 {[%emt 0:00:39]} 32. Kf2 {[%emt 0:00:31]} Rxe5 {[%emt 0:00:14]} 33. c4 {[%emt 0:00:05]} Rc5 {[%emt 0:00:53]} 34. Ra1 {[%emt 0:00:22]} bxc4 {[%emt 0:00:37]} 35. bxc4 {[%emt 0:00:04]} a5 {[%emt 0:01:40]} 36. Ra2 {[%emt 0:01:20]} Kf6 {[%emt 0:00:31]} 37. Kf3 {[%emt 0:00:23]} e5 {[%emt 0:02:34]} 38. e4 {[%emt 0:00:25]} Ke6 {[%emt 0:01:41]} 39. Ra4 {[%emt 0:02:06]} f5 {[%emt 0:01:16]} 40. Ke3 {[%emt 0:00:47]} Kf6 {[%emt 0:01:27]} 41. Kf3 {[%emt 0:30:06]} g5 {[%emt 0:30:45]} 42. exf5 {[%emt 0:02:45]} gxh4 {[%emt 0:01:38]} 43. gxh4 {[%emt 0:00:36]} Kxf5 {[%emt 0:00:35]} 44. Ra1 {[%emt 0:01:02]} Rxc4 {[%emt 0:00:42]} 45. Rxa5 {[%emt 0:00:09]} Rxh4 {[%emt 0:00:45]} 46. Ra8 {[%emt 0:00:14]} Rh3+ {[%emt 0:01:18]} 47. Kg2 {[%emt 0:00:05]} Rd3 {[%emt 0:03:24]} 48. Rf8+ {[%emt 0:00:06]} Ke4 {[%emt 0:00:51]} 49. Rh8 {[%emt 0:00:16]} Ke3 {[%emt 0:00:50]} 50. Rxh5 {[%emt 0:00:03]} e4 {[%emt 0:01:16]} 51. Ra5 {[%emt 0:02:36]} Ke2 {[%emt 0:00:37]} 52. Ra4 {[%emt 0:00:22]} e3 {[%emt 0:01:19]} 53. Ra2+ {[%emt 0:00:26]} Rd2 {[%emt 0:00:46]} 54. Ra3 {[%emt 0:00:10]} Ke1+ {[%emt 0:01:43]} 55. Kf3 {[%emt 0:00:24]} e2 {[%emt 0:01:14]} 56. Ra1+ {[%emt 0:01:08]} Rd1 {[%emt 0:00:42]} 57. Ra2 {[%emt 0:00:21]} Rd3+ {[%emt 0:01:51]} 58. Kg2 {[%emt 0:00:39]} Rd5 {[%emt 0:00:55]} 59. Ra1+ {[%emt 0:00:13]} Kd2 {[%emt 0:00:43]} 60. Ra2+ {[%emt 0:00:16]} Ke3 {[%emt 0:00:16]} 61. Ra3+ {[%emt 0:01:59]} Rd3 {[%emt 0:00:17]} 62. Ra1 {[%emt 0:00:16]} Rd1 {[%emt 0:00:52]} 63. Ra3+ {[%emt 0:00:14]} Kd4 {[%emt 0:00:40]} 64. Ra4+ {[%emt 0:04:52]} Kc3 {[%emt 0:00:33]} 65. Ra3+ {[%emt 0:00:15]} Kb2 {[%emt 0:00:34]} 66. Re3 {[%emt 0:00:06]} e1=Q {[%emt 0:00:26]} 67. Rxe1 {[%emt 0:00:23]} Rxe1 {[%emt 0:00:02]} 68. Kf2 {[%emt 0:00:13]} Re8 {[%emt 0:27:05]} 0-1

[Event "4th Cap Verde-ch 2020"]
[Site "Mindelo"]
[Date "2020.10.16"]
[Round "3.3"]
[White "Moes Joaquim, Carlos"]
[Black "Fortes, Aires"]
[Result "0-1"]
[WhiteElo "1403"]
[BlackElo "1504"]
[Annotator "NA RC"]
[PlyCount "57"]
[EventDate "2020.10.08"]
[EventType "swiss"]
[EventCountry "KAP"]
[SourceTitle "playchess.com"]
[Source "ChessBase"]
[SourceQuality "1"]
[TimeControl "40/5400+30:1800+30"]

1. d4 {[%emt 0:03:29]} Nf6 {[%emt 0:00:00]} 2. c4 {[%emt 0:00:13]} e6 {[%emt 0:00:00]} 3. Nf3 {[%emt 0:01:15]} d5 {[%emt 0:01:01]} 4. Nc3 {[%emt 0:02:44]} Be7 {[%emt 0:00:37]} 5. h3 {[%emt 0:01:37]} a6 {[%emt 0:00:52]} 6. Bf4 {[%emt 0:01:00]} Nbd7 {[%emt 0:00:27]} 7. e3 {[%emt 0:00:56]} b6 {[%emt 0:00:29]} 8. Be2 {[%emt 0:00:25]} Bb7 {[%emt 0:00:46]} 9. O-O {[%emt 0:01:08]} dxc4 {[%emt 0:01:39]} 10. Bxc4 {[%emt 0:00:38]} b5 {[%emt 0:00:07]} 11. Be2 {[%emt 0:01:05]} O-O {[%emt 0:00:16]} 12. a3 {[%emt 0:00:21]} c5 {[%emt 0:01:40]} 13. dxc5 {[%emt 0:01:30]} Nxc5 {[%emt 0:01:45]} 14. b4 {[%emt 0:00:47]} Nce4 {[%emt 0:02:02]} 15. Nxe4 {[%emt 0:01:49]} Nxe4 {[%emt 0:00:11]} 16. Qxd8 {[%emt 0:00:29]} Rfxd8 {[%emt 0:00:49]} 17. Rac1 {[%emt 0:01:00]} Rac8 {[%emt 0:03:02]} 18. Rxc8 {[%emt 0:04:12]} Rxc8 {[%emt 0:01:23]} 19. Be5 {[%emt 0:02:15]} Rc2 {[%emt 0:04:11]} 20. Bd3 {[%emt 0:02:37]} Ra2 {[%emt 0:00:52]} 21. Bb1 {[%emt 0:00:14]} Rxa3 {[%emt 0:01:01]} 22. Rd1 {[%emt 0:00:47]} Bd5 {[%emt 0:07:52]} 23. g3 {[%emt 0:06:57]} f6 {[%emt 0:07:54]} 24. Bb2 {[%emt 0:01:38]} Rb3 {[%emt 0:00:20]} 25. Nd2 {[%emt 0:00:17]} Rxb2 {[%emt 0:00:48]} 26. Nxe4 {[%emt 0:00:17]} Bxb4 {[%emt 0:02:00]} 27. g4 {[%emt 0:02:21]} Kf7 {[%emt 0:03:25]} 28. Kg2 {[%emt 0:00:13]} Rxb1 {[%emt 0:00:28]} 29. Rxb1 {[%emt 0:00:02]} 0-1

[Event "4th Cap Verde-ch 2020"]
[Site "Mindelo"]
[Date "2020.10.16"]
[Round "3.4"]
[White "Pereira, Eder Marcio"]
[Black "Fernandes, Luis De Pina"]
[Result "1-0"]
[WhiteElo "1788"]
[BlackElo "1606"]
[Annotator "NA RC"]
[PlyCount "59"]
[EventDate "2020.10.08"]
[EventType "swiss"]
[EventCountry "KAP"]
[SourceTitle "playchess.com"]
[Source "ChessBase"]
[SourceQuality "1"]
[TimeControl "40/5400+30:1800+30"]

1. e4 {[%emt 0:02:12]} c5 {[%emt 0:00:00]} 2. Nf3 {[%emt 0:01:06]} g6 {[%emt 0:00:15]} 3. Bc4 {[%emt 0:02:40]} Bg7 {[%emt 0:01:36]} 4. c3 {[%emt 0:05:13]} Nc6 {[%emt 0:00:13]} 5. O-O {[%emt 0:02:08]} d6 {[%emt 0:01:01]} 6. d3 {[%emt 0:00:34]} Nf6 {[%emt 0:00:16]} 7. Bg5 {[%emt 0:00:37]} Bg4 {[%emt 0:01:02]} 8. h3 {[%emt 0:06:54]} Bxf3 {[%emt 0:01:13]} 9. Qxf3 {[%emt 0:00:16]} Ne5 {[%emt 0:00:15]} 10. Bb5+ {[%emt 0:00:40]} Nfd7 {[%emt 0:01:51]} 11. Qe2 {[%emt 0:04:31]} O-O {[%emt 0:00:43]} 12. Nd2 {[%emt 0:07:26]} f6 {[%emt 0:06:40]} 13. Be3 {[%emt 0:02:51]} a6 {[%emt 0:00:51]} 14. Ba4 {[%emt 0:00:36]} Kh8 {[%emt 0:00:28]} 15. Bb3 {[%emt 0:08:03]} Nc6 {[%emt 0:10:45]} 16. f4 {[%emt 0:07:56]} f5 {[%emt 0:03:36]} 17. g4 {[%emt 0:10:36]} fxg4 {[%emt 0:05:44]} 18. hxg4 {[%emt 0:04:20]} Qe8 {[%emt 0:03:45]} 19. Kf2 {[%emt 0:04:30]} e6 {[%emt 0:01:51]} 20. Rh1 {[%emt 0:01:00]} Na5 {[%emt 0:01:08]} 21. Bc2 {[%emt 0:04:06]} d5 {[%emt 0:13:34]} 22. Rh3 {[%emt 0:03:13]} d4 {[%emt 0:00:29]} 23. Rah1 {[%emt 0:01:01]} dxe3+ {[%emt 0:00:13]} 24. Kxe3 {[%emt 0:00:22]} h6 {[%emt 0:00:35]} 25. Rxh6+ {[%emt 0:04:51]} Bxh6 {[%emt 0:00:18]} 26. Qh2 {[%emt 0:00:11]} Kg8 {[%emt 0:03:41]} 27. Qxh6 {[%emt 0:00:27]} Nf6 {[%emt 0:00:14]} 28. Qh8+ {[%emt 0:01:07]} Kf7 {[%emt 0:00:04]} 29. Rh7+ {[%emt 0:00:12]} Nxh7 {[%emt 0:01:22]} 30. Qxh7+ {[%emt 0:15:21]} 1-0

[Event "4th Cap Verde-ch 2020"]
[Site "Mindelo"]
[Date "2020.10.17"]
[Round "4.1"]
[White "Fortes, Aires"]
[Black "Ortega Amarelle, Mariano"]
[Result "0-1"]
[WhiteElo "1504"]
[BlackElo "2458"]
[Annotator "TA"]
[PlyCount "62"]
[EventDate "2020.10.08"]
[EventType "swiss"]
[EventCountry "KAP"]
[SourceTitle "playchess.com"]
[Source "ChessBase"]
[SourceQuality "1"]

{[%evp 18,62,-6,-16,13,-16,-7,-66,-35,-46,-36,-88,-56,-92,-75,-89,-104,-100,0,-25,12,-55,-50,-69,-68,-86,-26,-92,-82,-91,-84,-183,-170,-439,-462,-472,-458,-579,-531,-771,-760,-671,-543,-533,-514,-562,-529]} 1. e4 c5 2. Nc3 Nc6 3. g3 g6 4. Bg2 Bg7 5. Nge2 d6 6. d3 e6 7. Be3 Nd4 8. O-O Ne7 9. f4 O-O 10. Rb1 Rb8 $1 {10...Rb8 is better than 10...Nec6. B25: Closed Sicilian: 3 g3, lines without early Be3.} 11. g4 f5 12. g5 {[#]} (12. gxf5 $11 exf5 13. b4) 12... Qd7 $146 {Black is slightly better.} ({Predecessor:} 12... Nec6 13. h4 Bd7 14. Ng3 Re8 15. Qd2 b5 16. a3 a5 17. Kh2 b4 18. axb4 axb4 {0-1 (47) Lox,N (1480)-Kostov,D (1698) Kouty nad Desnou 2016}) 13. Ng3 b6 14. h4 (14. Nce2 $15) 14... Bb7 15. h5 Rf7 16. h6 {[#]} Bh8 $1 17. Nce2 Rbf8 (17... e5 $17 {White should prevent ...fxe4.} 18. c3 Nxe2+ 19. Qxe2 (19. Nxe2 $2 fxe4 20. dxe4 Qg4 $17) 19... Rbf8) 18. c3 $11 Ndc6 19. d4 (19. Qa4 $11) 19... cxd4 $15 20. cxd4 fxe4 21. Bxe4 Nb4 (21... Nd5 $17 22. Qd2 Nce7) 22. Qb3 (22. Bxb7 $11 Qxb7 23. a3) 22... Bxe4 $17 23. Nxe4 Nbd5 {[%cal Bb4d5,Bd5e3,Be3f1][%mdl 32] Hoping for ...e5.} 24. Bd2 {[#]} (24. Rbd1 $17) 24... e5 $1 $19 25. Qg3 $2 (25. dxe5 dxe5 26. N4g3) 25... exf4 {Black is clearly winning.} 26. Qf3 Nf5 {...Nh4 is the strong threat.} 27. N4c3 Nde3 28. Qh3 Nxf1 29. Rxf1 Nxd4 30. Qxd7 Nxe2+ 31. Nxe2 Rxd7 {Av CentiPawn Loss W=-58/B=-25. Weighted=-58/-21} 0-1